National digital library for agriculture (Record no. 46219)

MARC details
000 -LEADER
fixed length control field 00284nam a2200109Ia 4500
100 ## - MAIN ENTRY--AUTHOR NAME
Personal name Young Peter
245 #0 - TITLE STATEMENT
Title National digital library for agriculture
260 ## - PUBLICATION, DISTRIBUTION, ETC. (IMPRINT)
Name of publisher IAALD Quarteerly Bulletin
Year of publication 2004
300 ## - PHYSICAL DESCRIPTION
Number of Pages 114-122
942 ## - ADDED ENTRY ELEMENTS (KOHA)
Koha item type Reprints
Holdings
Withdrawn status Lost status Damaged status Not for loan Home library Current library Date acquired Serial Enumeration / chronology Accession Number Koha item type
      Reprints RRII Library RRII Library 22/12/2021 Volume XLIX, Issue 04-Mar P1526 Reprints